Klasifikácia duševného vlastníctva a postavenie ochrannej známky v duševnom vlastníctve

Duševné vlastníctvo - pojem. V súčasnosti sa dostáva do centra pozornosti manažovanie nemateriálneho, resp. duševného vlastníctva, ktoré začína predstavovať stále významnejšiu položku v podnikateľskej bilancii rôznych firiem. Klasifikácia duševného vlastníctva : priemyselné vlastníctvo a autorské pr...

Full description

Saved in:
Bibliographic Details
Main Author: Križan, Martin
Other Authors: Budinský, Michal
Format: Book Chapter
Language:Slovak
Subjects:
Tags: Add Tag
No Tags, Be the first to tag this record!

MARC

LEADER 00000nla$a2200000$$$4500
001 0084272
005 20240502071941.2
041 0 |a slo 
044 |a SK 
245 1 0 |a Klasifikácia duševného vlastníctva a postavenie ochrannej známky v duševnom vlastníctve  |c Martin Križan, Michal Budinský 
520 |a Duševné vlastníctvo - pojem. V súčasnosti sa dostáva do centra pozornosti manažovanie nemateriálneho, resp. duševného vlastníctva, ktoré začína predstavovať stále významnejšiu položku v podnikateľskej bilancii rôznych firiem. Klasifikácia duševného vlastníctva : priemyselné vlastníctvo a autorské právo. Duševné vlastníctvo predstavuje v súčasnej spoločnosti významný a hodnotný majetok a tvorí neoddeliteľnú súčasť tržného hospodárstva. Podnikové portfólio, ktoré tvoria predmety duševného vlastníctva, tvorí kľúčové aktívum a významnú časť pridanej hodnoty podniku. Tieto zložky majetku z dlhodobého hľadiska rozhodujú o úspechu alebo neúspechu podniku. 
610 2 0 |a vlastníctvo duševné 
610 2 0 |a vlastníctvo priemyselné 
610 2 0 |a právo autorské 
610 2 0 |a podnik 
100 1 |a Križan, Martin 
700 1 |a Budinský, Michal